00992nam a2200253 i 450000100060000000300090000600500170001500700030003200800410003502000180007608000100009424501640010426000370026830000220030549000440032750400340037165000430040570000440044870000310049283000540052385200220057799900170059995201220061642578ES-MaACL20250825092909.0t|030407s2002 sp ||||1| spa d a84-7635-551-1 a82.0700aNuevas perspectivas en semiología literaria / cM. C. Bobes Naves... [et al.] ; introducción, compilación de textos y bibliografía, Jesús G. Maestro. aMadrid : bArco/Libros, c[2002] a291 p. ; c21 cm.1 aBibliotheca Philologica. Serie Lecturas aBibliografía: p. [271]-291. 7aSemiótica y literatura2embne9170431 aBobes Naves, María del Carmen.9296471 aMaestro, Jesús G.97540800aBibliotheca philologica. pSerie lecturas9229829 aES-MaACLjL-26212 c42578d42578 00104070aATENEOMbATENEOMcDEPO2d2008-01-17eSCl0oL-26212p1044822r2023-02-23 00:00:00w2023-02-23yMONOGRAFIA